=LDR 00000nam 2200000 4500 =001 NUTBA000000000000333 =005 20141008115048.0 =006 =007 =008 =020 ##$$a 978-979-756-252-6 =035 ##$$a 0010-031400000000332 =040 ##$$a NBPDMAT =082 ##$$a 612 =090 ##$$a 612$bSet a =100 ##$$a Setiadi =245 ##$$a Anatomi & fisiologi manusia$cSetiadi =260 ##$$a Yogyakarta $b Graha ilmu $c 2007.1 =300 ##$$a xvii,308 hlm.$bilus$c23 cm. =650 ##$$a Manusia$xFisiologi =850 ##$$a NBPNMAT =990 ##$$a 20903361 =990 ##$$a 90899/BPAP-NTB/2014 =990 ##$$a 0001/BPAP-NTB/20142014